<?xml version="1.0" encoding="UTF-8"?>
<record
    xmlns:xsi="http://www.w3.org/2001/XMLSchema-instance"
    xsi:schemaLocation="http://www.loc.gov/MARC21/slim http://www.loc.gov/standards/marcxml/schema/MARC21slim.xsd"
    xmlns="http://www.loc.gov/MARC21/slim">

  <leader>01510nam a22002894c 4500</leader>
  <controlfield tag="003">AR-BaSMT</controlfield>
  <controlfield tag="008">260512b2021     aga|||br|||| 00| 1 spa d</controlfield>
  <datafield tag="020" ind1=" " ind2=" ">
    <subfield code="a">9789500761659</subfield>
  </datafield>
  <datafield tag="040" ind1=" " ind2=" ">
    <subfield code="a">BSGB</subfield>
    <subfield code="b">espa&#xF1;ol</subfield>
    <subfield code="c">BSGB</subfield>
    <subfield code="e">rda</subfield>
  </datafield>
  <datafield tag="041" ind1="0" ind2=" ">
    <subfield code="a">spa</subfield>
    <subfield code="h">espa&#xF1;ol</subfield>
  </datafield>
  <datafield tag="080" ind1=" " ind2=" ">
    <subfield code="a">82-34 BER</subfield>
  </datafield>
  <datafield tag="100" ind1="1" ind2=" ">
    <subfield code="a">Bernasconi, Pablo </subfield>
    <subfield code="9">96</subfield>
  </datafield>
  <datafield tag="245" ind1="1" ind2="3">
    <subfield code="a">El infinito</subfield>
  </datafield>
  <datafield tag="250" ind1=" " ind2=" ">
    <subfield code="a">Tercera edici&#xF3;n</subfield>
  </datafield>
  <datafield tag="264" ind1=" " ind2="1">
    <subfield code="a">Buenos aires : </subfield>
    <subfield code="b">Sudamericana , </subfield>
    <subfield code="c">2021</subfield>
  </datafield>
  <datafield tag="300" ind1=" " ind2=" ">
    <subfield code="a">64 p&#xE1;ginas ; </subfield>
    <subfield code="b">ilustraciones color</subfield>
  </datafield>
  <datafield tag="336" ind1=" " ind2=" ">
    <subfield code="2">rdacontent</subfield>
    <subfield code="a">texto</subfield>
    <subfield code="b">txt</subfield>
  </datafield>
  <datafield tag="337" ind1=" " ind2=" ">
    <subfield code="2">rdamedia</subfield>
    <subfield code="a">sin mediaci&#xF3;n</subfield>
    <subfield code="b">n</subfield>
  </datafield>
  <datafield tag="338" ind1=" " ind2=" ">
    <subfield code="2">rdacarrier</subfield>
    <subfield code="a">volumen</subfield>
    <subfield code="b">nc</subfield>
  </datafield>
  <datafield tag="490" ind1=" " ind2=" ">
    <subfield code="a">Primera sudamericana</subfield>
  </datafield>
  <datafield tag="520" ind1=" " ind2="1">
    <subfield code="a">&#xBF;Qu&#xE9; es el infinito? &#xBF;Queda lejos o est&#xE1; m&#xE1;s cerca de lo que pensamos?

Pablo Bernasconi conjuga sus ilustraciones maravillosas con un texto po&#xE9;tico que intenta poner palabras a eso que ni los ni&#xF1;os ni los grandes pueden realmente abarcar: el infinito.

Un libro &#xE1;lbum para leer y atesorar, de una sensibilidad y un refinamiento inolvidables.

Del autor de Rebeli&#xF3;n en el Tortoni; El sue&#xF1;o del peque&#xF1;o Capit&#xE1;n Arsenio; El brujo, el horrible y el libro rojo de los hechizos; El diario del Capit&#xE1;n Arsenio; La verdadera explicaci&#xF3;n; Excesos y exageraciones; y Mentiras y moretones, entre otros.</subfield>
    <subfield code="u">https://www.penguinlibros.com/ar/a-partir-de-9-anos/146242-libro-el-infinito-9789500761659
12/05/2026</subfield>
  </datafield>
  <datafield tag="521" ind1=" " ind2=" ">
    <subfield code="a">A partir de 8 a&#xF1;os</subfield>
  </datafield>
  <datafield tag="650" ind1=" " ind2="7">
    <subfield code="9">8</subfield>
    <subfield code="a">LITERATURA INFANTIL</subfield>
  </datafield>
  <datafield tag="650" ind1=" " ind2="7">
    <subfield code="9">23</subfield>
    <subfield code="a">CUENTO</subfield>
  </datafield>
  <datafield tag="942" ind1=" " ind2=" ">
    <subfield code="2">ddc</subfield>
    <subfield code="a">BOOK</subfield>
  </datafield>
  <datafield tag="999" ind1=" " ind2=" ">
    <subfield code="c">684</subfield>
    <subfield code="d">684</subfield>
  </datafield>
  <datafield tag="952" ind1=" " ind2=" ">
    <subfield code="0">0</subfield>
    <subfield code="1">0</subfield>
    <subfield code="2">ddc</subfield>
    <subfield code="4">0</subfield>
    <subfield code="a">BSGB</subfield>
    <subfield code="b">BSGB</subfield>
    <subfield code="c">Verde</subfield>
    <subfield code="e">donaci&#xF3;n  editorial</subfield>
    <subfield code="i">000645</subfield>
    <subfield code="l">0</subfield>
    <subfield code="o">82-34 BER</subfield>
    <subfield code="p">000645</subfield>
    <subfield code="t">1</subfield>
    <subfield code="y">BOOK</subfield>
    <subfield code="f"></subfield>
  </datafield>
</record>
